000 00712nam a2200253Ia 4500
003 OSt
005 20221006144036.0
006 a|||||r|||| 00| 0
007 ta
008 221006b |||||||| |||| 00| 0 eng d
020 _cP27.50
024 _a10,721
037 _cTextual
040 _aEASL
_cEASL
_beng
041 _2eng
_aeng
082 _aW691.N30, M6
100 _aMEISSNER Werner
_9650778
245 0 _aPhilosophy and politics in China
_b The controversy over dialectical materialism in the 1930s
260 _aLondon
_bHurst and Company
_c1986
300 _a230p.
_ccm.
490 _v CEL
942 _hW691.N30, M6
_cTEXL
_2CC
999 _c1078807
_d1078807